Mixed Word: Five Alive Quiz Stats

 Plays Quiz Updated Jul 26, 2012

Support Sporcle.
Go Orange.
Score 0/16 Timer 04:00
1 Play Today
Clue Scramble of A-E-P-R-S % Correct
Pointy weaponspear
91.4%
Boscs, for examplepears
90.7%
Harvestsreaps
87.8%
Extraspare
86.1%
Trimspares
79.6%
Herbs in the mustard familyrapes
72.2%
Copycatsapers
55.7%
Gunslinger Wyatt's folksEarps
55.3%
Clue Scramble of A-E-P-R-S % Correct
Break down a sentenceparse
50.6%
Afteraprès
47%
A meal, in Frenchrepas
46.5%
Weaken againre-sap
44.7%
Green quartzprase
43.4%
Electron beam generatorPASER or Paser
34.3%
Former coin of Turkey, 1/120 piastreasper
28.8%
The musical sign :S: or ※presa
23.9%

From the Vault

Super Bowl Winners' Starting Skill Players (QB/RB/WR)

by xfire720

Sports 20m
These players have got some skills.
Remove Ads.
Support Sporcle.
Get the best of Sporcle when you Go Orange. This ad-free experience offers more features, more stats, and more fun while also helping to support Sporcle. Thank you for becoming a member.

Show Comments

Extras

Top Quizzes Today


Score Distribution

Your Account Isn't Verified!

In order to create a playlist on Sporcle, you need to verify the email address you used during registration. Go to your Sporcle Settings to finish the process.

Report this User

Report this user for behavior that violates our Community Guidelines.

Details: